000 00333nam a2200133Ia 4500
005 20260328104324.0
008 260328s9999||||xx |||||||||||||| ||und||
100 _aFerlenga, Alberto
245 0 _aAldo Rossi, architture 1988-1992 /
_cAlberto Ferlenga
260 _bElecta
300 _a363 p.
650 _aARQUITECTOS
942 _cBK
999 _c11446
_d11446